000 01325nam a22003377a 4500
999 _c21516
_d21516
003 AR-CdUCM
008 190220b ||||| |||| 00| 0 spa d
020 _a9789972429354
040 _aMUNICIPALIDAD PROVINCIAL DEL CUSCO
_cBIBLIOTECA MUNICIPAL DEL CUSCO
082 _a304.620/D31
_bD31
100 _aDavid Cook, Noble
_945184
245 _aLa catástrofe demográfica andina :
_bPerú, 1520-1620 /
_cNoble David Cook ; traducción de Javier Flores Espinoza.
260 _aLima.
_bPontificia Universidad Católica del Perú,
_c2013.
300 _a416 páginas. :
_bilustraciones, mapas ;
_c24 cm.
440 _aColección Estudios Andinos,
_n6.
_945185
500 _zBibliografía: p. 370-395.
_aIncluye índice onomástico. Incluye índice onomástico. Traducción de: Demographic collapse. Índice onomástico: p. [401]-416.
650 _aDemografía
_91556
650 _aHistoria
_945186
650 _aÉpoca Prehispánica
_92714
650 _aIncas
_9303
650 _aInkas
_91899
650 _aCensos
_95904
650 _aPoblación
_93673
650 _aSiglo XVI
_9326
650 _aPerú
_945187
700 _aFlores Espinoza, Javier
_97794
700 _aCuratola Petrocchi, Marco (director)
_945188
710 _aPontificia Universidad Católica del Perú
_9400
942 _2ddc
_cLIBROS
945 _aRoel